Modelovanie a riadenie samovyvažujúceho motocykla Arduino Kit

Salvato in:
Dettagli Bibliografici
Autore principale: Miko, Adam (Autore)
Altri autori: Rosinová, Danica (Relatore della tesi)
Natura: Manoscritto Libro
Lingua:slovacco
Pubblicazione: Bratislava : STU v Bratislave FEI, 2021
Soggetti:
Accesso online:https://opac.crzp.sk/?fn=detailBiblioForm&sid=38F43C5054BC4F7F2EBCC5F31F28&seo=CRZP-detail-kniha
Tags: Aggiungi Tag
Nessun Tag, puoi essere il primo ad aggiungerne!!

MARC

LEADER 00000ntm a22000003a 4500
001 stuzp82583
003 SK-STU
005 20210715113103.8
007 ta
008 150427s2015----xo-----f-mn---000-0-slo-d
040 |a STU  |b slo 
041 0 |a slo 
044 |a xo 
100 1 |a Miko, Adam  |u 030400  |4 aut  |U FEI Fakulta elektrotechniky a informatiky  |U FEI Fakulta elektrotechniky a informatiky  |T FEI Ústav automobilovej mechatroniky  |X 97991  |U E400  |Y 642  |7 97991 
242 0 1 |a Modelling and Control of a Self-Balancing Motorcycle Arduino Kit  |y eng 
245 1 0 |a Modelovanie a riadenie samovyvažujúceho motocykla Arduino Kit 
260 |a Bratislava : 
260 |b STU v Bratislave FEI, 
260 |c 2021 
300 |a 83 s., príl. 
650 4 |a Arduino Engineering Kit  |2 slo 
650 4 |a PID  |2 slo 
650 4 |a matematický model  |2 slo 
650 4 |a identifikácia  |2 slo 
650 4 |a Simulink  |2 slo 
650 4 |a Arduino Engineering Kit  |2 eng 
650 4 |a mathematical model  |2 eng 
650 4 |a identification  |2 eng 
650 4 |a Simulink  |2 eng 
650 4 |a PID  |2 eng 
700 1 |a Rosinová, Danica  |u 030400  |k Z1  |4 ths  |U FEI Fakulta elektrotechniky a informatiky  |U FEI Fakulta elektrotechniky a informatiky  |T FEI Ústav automobilovej mechatroniky  |X 4938  |U E400  |Y 642  |7 A000004938 
856 4 |u https://opac.crzp.sk/?fn=detailBiblioForm&sid=38F43C5054BC4F7F2EBCC5F31F28&seo=CRZP-detail-kniha